| 000 | 01014nam a2200241 a 4500 | ||
|---|---|---|---|
| 001 | 48085 | ||
| 003 | BD-RjUL | ||
| 005 | 20211209054446.0 | ||
| 008 | 160811s1975 bg ||||| |||| 00| 0 ben d | ||
| 020 | _cTK.10.00 | ||
| 035 | _a(BD-RjUL)48204 | ||
| 040 |
_aBD-RjUL _bben _cBD-RjUL |
||
| 041 | _aben | ||
| 082 |
_223 _a823 _bKAT 1975 |
||
| 100 |
_aকারাসলাভোভ, গিওর্গী _9145768 |
||
| 245 |
_aট্যাঙ্গো : _bআধুনিক বুলগেরীয় ক্লাসিকস / _cগিওর্গী কারাসলাভোভ, মেহের কবীর (অনুদিত) |
||
| 260 |
_aঢাকা : _bবাংলা একাডেমী, _c১৯৭৫ |
||
| 300 |
_a১২৬ পৃ. _c২২ সেমি. |
||
| 650 |
_aইংরেজি সাহিত্য _9145769 _vবাংলা অনুবাদ |
||
| 650 |
_aEnglish Literature _9145770 _vtranslate into Bengali |
||
| 700 |
_aকবীর, মেহের _9123070 |
||
| 942 |
_2ddc _cBK |
||
| 999 |
_c48085 _d48085 |
||